History Trivia Quiz #2 - Statistics

General Stats
  • This quiz has been taken 133 times
  • The average score is 10 of 20
Answer Stats
Hint Answer % Correct
Who was the first Black president in the United States? Barack Obama
92%
Which year marked the end of WW1? 1918
90%
Who was the first female Prime Minister of the United Kingdom? Margaret Thatcher
81%
What was Lenin's first name? Vladimir
74%
Who was the first Emperor of Rome? Augustus
73%
Who was the last leader of the Soviet Union? Mikhail Gorbachev
73%
Who was the President of the United States that was involved in the Watergate Scandal? Richard Nixon
72%
What was the first name of German Chancellor, von Bismarck? Otto
71%
Which country was invaded in 1979 by the Soviet Union? Afghanistan
68%
Which country did the UK go to war with in 1982? Argentina
66%
Who ruled Spain from 1939-1975? Francisco Franco
64%
Who was leader of the confederate army in the American Civil War? Robert E. Lee
48%
Which country was dissolved in 1992? Yugoslavia
44%
Which country was invaded by Italy in 1911? Libya
25%
What was created on April the 4th, 1949? NATO
25%
Where did the Arab Spring start? Tunisia
24%
What country was formally created in 1861? Italy
19%
Who was the French president during WW1? Georges Clemenceau
18%
What was the name of the pact made in 1939 by Molotov and Ribbentrop? Nazi-Soviet Pact
4%
Which empire ended in 1974? Portugese
3%
No matching quizzes found
Score Distribution
Percent of People with Each Score
Percentile by Number Answered
Your Score History
You have not taken this quiz